Normal view
MARC view
- Sánchez Rivas, Enrique
Entry Nombre Personal
001 - NUMERO DE CONTROL
- campo de control: 49579
003 - IDENTIFICADOR DE NUMERO DE CONTROL
- campo de control: UPN
005 - FECHA Y HORA DE LA ÜLTIMA TRANSACCIÓN
- campo de control: 20230725145508.0
008 - DATOS DE LONGITUD FIJA
- campo de control de longitud fija: 230725|| acn||aabn | a|a d
024 ## - OTROS IDENTIFICADORES NORMALIZADOS
- Número normalizado o código: https://orcid.org/0000-0003-2518-2026
040 ## - FUENTE DE CATALOGACIÓN
- Agencia original de catalogación: MX-MxUPN
100 ## - ENCABEZAMIENTO - NOMBRE PERSONAL
- Nombre personal: Sánchez Rivas, Enrique
370 ## - LUGAR ASOCIADO
- Associated country: España
371 ## - DIRECCIÓN
- Electronic mail address: enriquesr@uma.es
372 ## - CAMPO DE ACTIVIDAD
- Field of activity: Políticas y prácticas de innovación educativa. Cultura de paz, Educación y comunicación social. Educación y derechos humanos
373 ## - GRUPO ASOCIADO
- Associated group: Universidad de Málaga. Departamento de Didáctica y Organización Escolar
374 ## - OCUPACIÓN
- Occupation: Profesor - investigador universitario
670 ## - FUENTE EN LA QUE SE LOCALIZARON DATOS
- Cita de la fuente: En sitio web: Universidad de Málaga
- Información localizada: (Enrique Sánchez Rivas)
- Uniform Resource Identifier: https://www.uma.es/departments/teachers/STkzZGxuKzN5dnNlQWdPVml1Y1h3dz09/?set_language=en
902 ## - CATALOGADOR
- Catalogador: Leonor Sotres/250723
